00365nam a22001217a 4500020001600000082001100016100001800027245007100045260003700116300003400153650003500187700002100222 qHard Cover. a621.39 a Ikram, Aqdas aRule - Base Expert System for Earthquake Prediction /cAqdas Ikram aIslamabad :bCEME - NUST,c2013. axxiii, 127 p. : ill. ;c30cm. aComputer Engineering-MS-Thesis aDr. Usman Qamar.